000 01619cam a2200361 a 4500
001 2110149
003 ARRUPE
005 20220421093704.0
008 961021s1996 mou b 001 0 eng d
010 _a 96078469
020 _a1880810239 (cloth)
020 _a1880810247 (pbk.)
035 _a(OCoLC)36249121
040 _aMBtS
_cMBtS
_dLNL-L
_dDLC
041 1 _aeng
_hlat
042 _alccopycat
050 0 0 _aBX3704
_b.E5 1996
082 0 0 _a255/.5302
_221
110 2 _aJesuits.
_98693
240 1 0 _aConstitutiones.
_lEnglish
245 1 4 _aThe constitutions of the Society of Jesus and their complementary norms :
_ba complete English translation of the official Latin texts.
250 _a1st ed.
260 _aSaint Louis :
_bInstitute of Jesuit Sources,
_c1996.
300 _axxix, 502 p. ;
_c23 cm.
440 0 _aSeries I--Jesuit primary sources, in English translations ;
_vno. 15
_951372
500 _a"The basis for the English text of the Constitutions is the translation by George E. Ganss, S.J., originally published in 1971. This has been corrected, revised, and updated in the last several years ... along with his commentary and cross-references, in the Institute of Jesuit Sources' two volumes of collected writings of Saint Ignatius"--Foreword.
504 _aIncludes bibliographical references and index.
610 2 0 _aJesuits
_xRules.
_951373
700 0 _aIgnatius,
_cof Loyola, Saint,
_d1491-1556.
906 _a7
_bcbc
_ccopycat
_d2
_eopcn
_f19
_gy-gencatlg
942 _2lcc
_cMONOGRAPH
999 _c131322
_d131322